|
|
|
|
| LEADER |
00000nam0a2200000 4500 |
| 001 |
261898 |
| 005 |
20231101233614.0 |
| 035 |
|
|
|a (RuTPU)RU\TPU\book\284880
|
| 090 |
|
|
|a 261898
|
| 100 |
|
|
|a 20140528d1987 m y0rusy50 ca
|
| 101 |
0 |
|
|a rus
|
| 102 |
|
|
|a RU
|
| 105 |
|
|
|a a j 001zy
|
| 200 |
1 |
|
|a Физические основы конструирования, технологии и микроэлектроники
|e учебное пособие
|f А. Ф. Мевис, А. Ю. Некрасова, В. С. Полутин
|g Московский государственный институт радиотехники, электроники и автоматики (Технический университет) (МИРЭА)
|
| 210 |
|
|
|a Москва
|c Изд-во МИРЭА
|d 1987
|
| 215 |
|
|
|a 80 с.
|c ил.
|
| 320 |
|
|
|a Библиогр.: с. 77.
|
| 606 |
1 |
|
|a Электроника полупроводниковая
|2 stltpush
|3 (RuTPU)RU\TPU\subj\20334
|9 45443
|
| 610 |
1 |
|
|a учебные пособия
|
| 610 |
1 |
|
|a физические основы
|
| 610 |
1 |
|
|a конструирование
|
| 610 |
1 |
|
|a технология
|
| 610 |
1 |
|
|a микроэлектроника
|
| 675 |
|
|
|a 621.382(076)
|v 3
|
| 700 |
|
1 |
|a Мевис
|b А. Ф.
|g Александр Федорович
|
| 701 |
|
1 |
|a Некрасова
|b А. Ю.
|g Антонина Юрьевна
|
| 701 |
|
1 |
|a Полутин
|b В. С.
|g Владимир Степанович
|
| 712 |
0 |
2 |
|a Московский государственный институт радиотехники, электроники и автоматики (Технический университет) (МИРЭА)
|c (1967-1993)
|2 stltpush
|3 (RuTPU)RU\TPU\col\119
|
| 801 |
|
1 |
|a RU
|b 63413507
|c 20140528
|
| 801 |
|
2 |
|a RU
|b 63413507
|c 20150325
|g RCR
|
| 942 |
|
|
|c BK
|